| 000 | 00549nam a22001697a 4500 | ||
|---|---|---|---|
| 005 | 20251108165206.0 | ||
| 008 | 250721s1992 xx 000 0 ara d | ||
| 082 | 1 | 4 | _a910.4/جبي |
| 100 | 1 | _aإبن جبير، أبو الحيسين محمد بن أحمد | |
| 245 | 1 | 0 | _aرحلة إبن جبير في مصر و بلاد العرب و الشام و ... / |
| 264 | 1 |
_aالقاهره : _bمكتبة مصر، _c1992. |
|
| 300 | _a480ص | ||
| 650 | 1 | 7 | _aالسفر |
| 700 | 1 |
_aنصار، حسين _eتحقيق |
|
| 942 |
_2ddc _cBK |
||
| 999 |
_c21740 _d21740 |
||